Cristianismo y mundo colonial: tres estudios acerca de la evangelización de Hispanoamérica

Saved in:
Bibliographic Details
Main Author: Meier, Johannes (autor)
Format: Book
Language:Spanish
Published: Münster Aschendorff 1995
Series:SPF, 31
Subjects:
Tags: Add Tag
No Tags, Be the first to tag this record!

MARC

LEADER 00000cam a2200000 a 4500
001 UCG7886
003 CL-VaPUC
008 111014e19950000GW |||||||||||||||||spa|d
020 |a 3402058359 
082 0 4 |a 266.009  |b MEI  |2 21 
100 |a Meier, Johannes  |e autor  |9 558368 
245 1 0 |a Cristianismo y mundo colonial: tres estudios acerca de la evangelización de Hispanoamérica 
300 |a 111 p 
942 |c BK 
945 |d 20111014 00:00:00  |a dcastane 
260 |a Münster  |b Aschendorff  |c 1995 
650 0 |a Historia de América  |9 266076 
650 0 |a Fuentes de la historia  |9 323547 
650 7 |a EVANGELIZACION  |2 CL-VaPUC  |9 558369 
650 7 |a MISIONES RELIGIOSAS  |2 CL-VaPUC  |9 393449 
583 |a last modification  |c 20111014 14:55:00  |k Rodrigo Vera 
490 0 |a SPF, 31 
999 |c 345574  |d 345572 
952 |0 0  |1 0  |4 0  |6 266_009000000000000_MEI_1995  |7 0  |8 A  |9 444480  |a BIBTEO  |b BIBTEO  |d 2019-11-22  |i 4791746  |o 266.009 MEI 1995  |p 4791746  |r 2025-01-17  |w 2019-11-22  |y BK  |k ICR